| 000 | 02293 a2200229 4500 | ||
|---|---|---|---|
| 999 |
_c10946 _d10946 |
||
| 020 | _a9780691128689 | ||
| 050 |
_aHG187 _bAMY 2004 |
||
| 100 |
_aAmyx, Jennifer _eauthor |
||
| 245 |
_aJapan's Financial Crisis : _b Institutional Rigidity and Reluctant Change / _cJennifer Amyx |
||
| 264 |
_aOxford : _bPrinceton University Press, _c2013 |
||
| 300 | _axix, 365 pages : | ||
| 336 |
_2rdacontent _atext _btxt |
||
| 337 |
_2rdamedia _aunmediated _bn |
||
| 338 |
_2rdacarrier _avolume _bnc |
||
| 500 | _aIncludes bibliography and index | ||
| 505 | _aCover; Title; Copyright; Dedication; Contents; List of Figures; List of Tables; Abbreviations; A Note on Conventions; Acknowledgments; Introduction; CHAPTER ONE: Networks and State Performance; PART I: Contours of Japan's Financial Policy Networks; CHAPTER TWO: Finance Ministry Ties with the Political Arena; CHAPTER THREE: Finance Ministry Ties with Private and Quasi-governmental Financial Institutions; CHAPTER FOUR Finance Ministry Ties with Other Government Agencies and the Central Bank; PART II: Evolution of Network-based Regulation; CHAPTER FIVE: Institutional "Fit" for Rapid Growth. CHAPTER SIX: Slowed Growth, Institutional Rigidity, and Reforms PostponedCHAPTER SEVEN: Network-managed Forbearance after the "Bubble" Bursts; CHAPTER EIGHT: Policy Paralysis amid Deepening Crisis; PART III: Institutional Change and System Transition; CHAPTER NINE: A New Regulatory and Policymaking Paradigm; CHAPTER TEN: Why Can't Japan Get Back on Track?; CHAPTER ELEVEN: Conclusion; Appendices; Notes; Bibliography; Index | ||
| 520 | _aAt the beginning of the 1990s, a massive speculative asset bubble burst in Japan, leaving the nation's banks with an enormous burden of nonperforming loans. Banking crises have become increasingly common across the globe, but what was distinctive about the Japanese case was the unusually long delay before the government intervened to aggressively address the bad debt problem. The postponed response by Japanese authorities to the nation's banking crisis has had enormous political and economic consequences for Japan as well as for the rest of the world. This book helps us understand the nature | ||
| 650 | _a Banks and banking | ||
| 650 | _aFinance | ||
| 651 | _aJapan | ||
| 942 |
_2lcc _cBK _h187 _iAMY _kHG |
||